[Event "Paris-ch op-B 87th"]
[Site "Paris"]
[Date "2012.07.07"]
[Round "1"]
[White "Gauthier, Adrien"]
[Black "Carre, Sylvain"]
[Result "0-1"]
[WhiteElo "1913"]
[BlackElo "2150"]
[PlyCount "44"]
[EventDate "2012.07.07"]
[EventType "swiss"]
[EventRounds "9"]
[EventCountry "FRA"]
[SourceTitle "EXT 2013"]
[Source "ChessBase"]
[SourceDate "2012.11.22"]
[SourceVersion "1"]
[SourceVersionDate "2012.11.22"]
[SourceQuality "1"]

1. e4 e5 2. Nf3 Nf6 3. d4 Nxe4 4. dxe5 d5 5. Nbd2 Nxd2 6. Qxd2 Be7 7. Qf4 c5 8. Bd2 Nc6 9. h4 Be6 10. c4 d4 11. Bd3 Qc7 12. 0-0-0 h6 13. Kb1 a5 14. a4 Nb4 15. Bf1 Qd7 16. Bxb4 axb4 17. b3 b5 18. Nxd4 cxd4 19. Rxd4 Qa7 20. cxb5 Bxb3 21. Bc4 Bxc4 22. Rxc4 Qxa4 0-1